Global real estate markets (Record no. 119116)

MARC details
000 -LEADER
fixed length control field 01253cas a22002535 4500
001 - CONTROL NUMBER
control field L139716
008 - FIXED-LENGTH DATA ELEMENTS--GENERAL INFORMATION
fixed length control field 111114c2010 xxkar ws ss 0 a0eng u
035 ## - SYSTEM CONTROL NUMBER
System control number (Sirsi) u139716
041 0# - LANGUAGE CODE
Language code of text/sound track or separate title eng
050 ## - LIBRARY OF CONGRESS CALL NUMBER
Classification number 333.33 $2 18
110 2# - MAIN ENTRY--CORPORATE NAME
Corporate name or jurisdiction name as entry element Knight Frank
9 (RLIN) 1530
245 00 - TITLE STATEMENT
Title Global real estate markets
Remainder of title annual review and outlook
Medium [electronic resource]
260 ## - PUBLICATION, DISTRIBUTION, ETC.
Place of publication, distribution, etc. London
Name of publisher, distributor, etc. Knight Frank
Date of publication, distribution, etc. 2010-
362 0# - DATES OF PUBLICATION AND/OR SEQUENTIAL DESIGNATION
Dates of publication and/or sequential designation 2010-
490 #0 - SERIES STATEMENT
Series statement Knight Frank Global Real Estate Markets
Volume/sequential designation 2010-
520 ## - SUMMARY, ETC.
Summary, etc. Surveys the world's major office and to a lesser extent industrial and retail markets covering the Americas, Europe, Middle East, Africa , and the Asia Pacific region. Features regional tables ranking the strength of local markets, taking into account economic, demographic and property information. Includes a table of global office rents.
554 ## -
-- Annual
650 24 - SUBJECT ADDED ENTRY--TOPICAL TERM
Topical term or geographic name entry element KNIGHT FRANK GLOBAL REAL ESTATE MARKETS
651 #4 - SUBJECT ADDED ENTRY--GEOGRAPHIC NAME
Geographic name International
690 ## - LOCAL SUBJECT ADDED ENTRY--TOPICAL TERM (OCLC, RLIN)
Topical term or geographic name as entry element PROPERTY-COMMERCIAL PROPERTY-COMMERCIAL PROPERTY MARKET
710 2# - ADDED ENTRY--CORPORATE NAME
Corporate name or jurisdiction name as entry element Newmark Knight Frank
9 (RLIN) 5781
856 40 - ELECTRONIC LOCATION AND ACCESS
Uniform Resource Identifier <a href="https://www.knightfrank.com/research/details/global-real-estate-markets-43.aspx">https://www.knightfrank.com/research/details/global-real-estate-markets-43.aspx</a>
Public note View the item free of charge (click on Global in the Refine box) at www.knightfrank.com
942 ## - ADDED ENTRY ELEMENTS (KOHA)
Suppress in OPAC 0
Holdings
Withdrawn status Lost status Source of classification or shelving scheme Damaged status Not for loan Home library Current library Shelving location Date acquired Total Checkouts Full call number Barcode Date last seen Copy number Price effective from Koha item type
    Dewey Decimal Classification     Virtual Virtual Online 06/08/2007   ONLINE PUBLICATION 139716-2001 06/08/2019 1 06/08/2019 Book